000 00715nam a2200205 a 4500
001 000034732
005 20200930073853.0
008 111019s1960 xxu 000 f eng d
040 _aDO-SdBNP
_bspa
_cBNPHU
082 _a813.3
_bP743f
100 1 _aPoe, Edgar Allan,
_d1809-1849
_99903
245 1 4 _aThe fall of the house of Usher and other tales /
_cEdgar Allan Poe ; epĂ­logo R. P. Blackmur.
260 _aNew York :
_bThe New American Library,
_c1960.
300 _a384 p. ;
_c18 cm.
490 0 _aA signet classic ;
_v29
650 2 4 _aLiteratura estadounidense
_9263
650 2 4 _aNovela estadounidense
_9262
700 1 _aBlackmur, Richard. P.
_d1904-1965
_960199
910 _aValidado. Control de calidad BNPHU
999 _c34223
_d34223